Things found...in your Dog's Bed! - Statistics

General Stats
  • This quiz has been taken 138 times
  • The average score is 6 of 15
Answer Stats
Hint Answer % Correct
T Toy
86%
D Dog
82%
B Bone
74%
H Hair
59%
C Cat
47%
B Blanket
45%
B Ball
41%
S Shoe
35%
L Lead
30%
S Sock (with holes)
29%
C Cushion
27%
M Mud
24%
F Fleas
15%
C Children
10%
S Stick
9%
No matching quizzes found
Score Distribution
Percent of People with Each Score
Percentile by Number Answered
Your Score History
You have not taken this quiz